Stardust / (Record no. 1693)

MARC details
000 -LEADER
fixed length control field 01393pam a2200289 a 4500
005 - DATE AND TIME OF LATEST TRANSACTION
control field 20231211145932.0
020 ## - INTERNATIONAL STANDARD BOOK NUMBER
International Standard Book Number 0380977281 :
Terms of availability $22.00 ($29.00 Can.)
040 ## - CATALOGING SOURCE
Original cataloging agency DLC
Transcribing agency DLC
Modifying agency OCoLC
-- DLC
050 00 - LIBRARY OF CONGRESS CALL NUMBER
Classification number PR6057.A319
Item number S73 1999
082 00 - DEWEY DECIMAL CLASSIFICATION NUMBER
Classification number 823/.914
Edition number 21
100 1# - MAIN ENTRY--PERSONAL NAME
Personal name Gaiman, Neil.
245 10 - TITLE STATEMENT
Title Stardust /
Statement of responsibility, etc. Neil Gaiman.
250 ## - EDITION STATEMENT
Edition statement 1st ed.
260 ## - PUBLICATION, DISTRIBUTION, ETC.
Place of publication, distribution, etc. New York :
Name of publisher, distributor, etc. Spike,
Date of publication, distribution, etc. 1999.
300 ## - PHYSICAL DESCRIPTION
Extent 248, 23 pages :
Dimensions 19 cm.
505 ## - FORMATTED CONTENTS NOTE
Formatted contents note V
520 ## - SUMMARY, ETC.
Summary, etc. In the sleepy English countryside of decades past, there is a town that has stood on a jut of granite for six hundred years. And immediately to the east stands a high stone wall, for which the village is named. Here in the town of Wall, Tristran Thorn has lost his heart to the hauntingly beautiful Victoria Forester. One crisp October night, as they watch, a star falls from the sky, and Victoria promises to marry Tristran if he'll retrieve that star and bring it back for her. It is this promise that sends Tristran through the only gap in the wall, across the meadow, and into the most unforgettable adventure of his life.
521 ## - TARGET AUDIENCE NOTE
Target audience note 970 <br/>
Source Lexile
521 ## - TARGET AUDIENCE NOTE
Target audience note V <br/>
Source Raz-Plus
650 #0 - SUBJECT ADDED ENTRY--TOPICAL TERM
Topical term or geographic name entry element Young men
General subdivision Fiction.
655 #7 - INDEX TERM--GENRE/FORM
Genre/form data or focus term Fantasy fiction.
Source of term gsafd
655 #7 - INDEX TERM--GENRE/FORM
Genre/form data or focus term Adventure stories.
Source of term gsafd
655 #7 - INDEX TERM--GENRE/FORM
Genre/form data or focus term Love stories.
Source of term gsafd
906 ## - LOCAL DATA ELEMENT F, LDF (RLIN)
a 7
b cbc
c orignew
d 1
e ocip
f 19
g y-gencatlg
942 ## - ADDED ENTRY ELEMENTS (KOHA)
Source of classification or shelving scheme Dewey Decimal Classification
Koha item type Books
Suppress in OPAC No
999 ## -
-- 1693
-- 1693
Holdings
Withdrawn status Lost status Source of classification or shelving scheme Damaged status Not for loan Collection Home library Current library Shelving location Date acquired Total Checkouts Full call number Barcode Date last seen Price effective from Koha item type
    Dewey Decimal Classification     Fiction Footprints International School Library Network Toul Kork Campus Footprints International School Library Network Toul Kork Campus   09/15/2023   GAI 823.914 PS3557.A3519 FISTKG4B057 09/15/2023 09/15/2023 Books